LIBRARY & INFORMATION CENTRE, KCAET, TAVANUR

ONLINE PUBLIC ACCESS CATALOGUE (OPAC)

Jeevasastram (Biology)-2 / (Record no. 6167)

MARC details
000 -LEADER
fixed length control field 00944cam a2200397ua 4500
041 ## - LANGUAGE CODE
Language code of text/sound track or separate title mal
082 ## - DEWEY DECIMAL CLASSIFICATION NUMBER
Classification number 574
Item number MAH/JE
100 ## - MAIN ENTRY--AUTHOR NAME
Personal name Maheswari, P .
245 ## - TITLE STATEMENT
Title Jeevasastram (Biology)-2 /
260 ## - PUBLICATION, DISTRIBUTION, ETC. (IMPRINT)
Place of publication Thiruvananthapuram :
Name of publisher State Instititute of Languages ,
Year of publication 1964.
300 ## - PHYSICAL DESCRIPTION
Number of Pages 147 ; .
700 1# - ADDED ENTRY--PERSONAL NAME
Personal name Manohar, Lal .
942 ## - ADDED ENTRY ELEMENTS (KOHA)
Koha item type Books
Holdings
Withdrawn status Lost status Damaged status Home library Current library Date acquired Full call number Accession Number Koha item type
      KAUAET   07/04/2012 574 13688 Books
      KAUAET   07/04/2012 574 13687 Books
      KAUAET   07/04/2012 574 13691 Books
      KAUAET   07/04/2012 574 13697 Books
      KAUAET   07/04/2012 574 13700 Books
      KAUAET   07/04/2012 574 13698 Books
      KAUAET   07/04/2012 574 13696 Books
      KAUAET   07/04/2012 574 13682 Books
      KAUAET   07/04/2012 574 13685 Books
      KAUAET   07/04/2012 574 13681 Books
      KAUAET   07/04/2012 574 13684 Books
      KAUAET   07/04/2012 574 13689 Books
      KAUAET KAUAET 07/04/2012 574 13683 Books
      KAUAET KAUAET 07/04/2012 574 13699 Books
      KAUAET KAUAET 07/04/2012 574 13692 Books
      KAUAET KAUAET 07/04/2012 574 13693 Books
      KAUAET KAUAET 07/04/2012 574 13690 Books
      KAUAET KAUAET 07/04/2012 574 13686 Books
      KAUAET KAUAET 07/04/2012 574 13695 Books
      KAUAET KAUAET 26/10/2023 574 MAH/JE 13694 Books
free website counter